000 00643nam a22002297a 4500
003 UA-OsUOA
001 48888
007 ta
008 20130816b un ||||| |||| 00| 0 ukr d
090 _a082
_bА87
942 _cBK
040 _aUA-OsUOA
_bukr
_cUA-OsUOA
_dUA-OsUOA
245 _aАрхеологія
_bТ. VIII
300 _a188 с.
955 _a1
041 _aukr
080 _a082
260 _aК.
_bНаукова думка
_c1960
650 7 _a08 Видання. Колективні праці
_2UDC
999 _c429012
_d429012